000 00606nam a2200229Ia 4500
003 OSt
005 20221005113716.0
006 a|||||r|||| 00| 0
007 ta
008 221004b |||||||| |||| 00| 0 urd d
024 _a12589
037 _cTextual
040 _aCRL
_cCRL
_burd
041 _2urd
_aurd
082 _aO168:gxNAM1,1, M5
100 _aKakorvi Moinuddin Hasan Alvi
_9624795
245 0 _aAdabi nigaarshat
260 _c1985
650 _aURDU LITERATURE
942 _hO168:gxNAM1,1, M5
_cTEXL
_2cc
999 _c1029010
_d1029010